Spell the Marvel Hero #25 - Statistics

General Stats
  • This quiz has been taken 25 times
  • The average score is 11 of 14
Answer Stats
Picture Answer % Correct
Punisher
100%
Thor (Jane Foster)
100%
Agent Venom
95%
Scarlet Witch
95%
Domino
86%
Echo
86%
Captain Mar-Vell
77%
Silk
77%
Lockjaw
73%
Scarlet Spider
68%
Inferno
59%
Energizer
55%
Red She-Hulk
45%
Rintrah
36%
No matching quizzes found
Score Distribution
Percent of People with Each Score
Percentile by Number Answered
Your Score History
You have not taken this quiz